Bankruptcy Prediction in the Slovak Business Environment Using Financial and Non-Financial Indicators With SMOTE

Predikcia bankrotu v slovenskom podnikateľskom prostredí pomocou techniky SMOTE oversamplingu a metódy neurónových sietí. Zahŕňa 168 252 spoločností v rokoch 2013 až 2018, z ktorých 941 zlyhalo. Analýza využíva komplexný zoznam premenných vrátane finančných ukazovateľov a dodatočných nefinančných ch...

Descrizione completa

Salvato in:
Dettagli Bibliografici
Autore principale: Vojtasová, Mária, 1997-
Natura: Capitolo di libro
Lingua:inglese
Soggetti:
Tags: Aggiungi Tag
Nessun Tag, puoi essere il primo ad aggiungerne!!

MARC

LEADER 00000naa$a2200000$$$4500
001 0303104
005 20250805083125.7
041 0 |a eng 
044 |a CZ 
245 1 0 |a Bankruptcy Prediction in the Slovak Business Environment Using Financial and Non-Financial Indicators With SMOTE  |c Mária Vojtasová 
520 |a Predikcia bankrotu v slovenskom podnikateľskom prostredí pomocou techniky SMOTE oversamplingu a metódy neurónových sietí. Zahŕňa 168 252 spoločností v rokoch 2013 až 2018, z ktorých 941 zlyhalo. Analýza využíva komplexný zoznam premenných vrátane finančných ukazovateľov a dodatočných nefinančných charakteristík, ako aj sektor a región, v ktorom spoločnosti pôsobia. 
610 2 0 |a ukazovatele finančné 
610 2 0 |a ukazovatele nefinančné 
610 2 0 |a bankrot 
610 2 0 |a predvídanie 
610 2 0 |a prostredie podnikateľské 
610 2 0 |a siete neurónové 
610 2 0 |a firmy 
610 2 0 |a modely ekonomické 
610 2 0 |a Slovensko 
100 1 |a Vojtasová, Mária, 1997-